000
00226nam a2200085Ia 4500
245
0
_a
Organic kitchen garden
100
_a
ROBERTS, Juliet London, 2009
_9
76816
942
_c
BK
008
210817s9999 xx 000 0 und d
999
_c
260797
_d
260796